000 00689nam a22002171a 4500
003 AR-RoIUNI
005 20190903152205.0
008 060116s1901 it |||||||||||||| ||ita
040 _aAR-BaBN
_cIUNIR
080 _a001(043) NUO
245 1 0 _aNuova enciclopedia di chimica
_bscientifica, tecnologica e industrialle : a-anim
_c, [director]
260 _aTorino :
_bUnione Tipografico - Editrice,
_c1901.
300 _a1174 p.
_c24 cm.
650 1 0 _9151
_aQuĂ­mica
700 1 _aGuareschi, Icilio
856 _yResumen en PDF
930 1 _lBNA01
_mLIBRO
_600495822
_820110912
_f20
_h3
942 _2cdu
_cTE
956 _aGSL
_b00
_c20110915
_lBNA01
_h1146
956 _aGSL
_c20130614
_lBNA01
_h1221
999 _c5105
_d5105